000 00593nam a2200217Ia 4500
003 OSt
005 20230501115320.0
008 210423s2018 xx 000 0 und d
020 _a978-0-07-107822-1
040 _cAL
041 _aeng
082 _a332.63221
_223
_bCHAC
100 _aCHANDRA (Prasanna)
_995583
245 _aCorporate valuation and value creation
260 _aChennai
_bMcGrawhill Education
_c2018
300 _axix,522
_bPB
365 _b775
_cINR
650 _aInvestment Management
_995584
906 _aCorporate ; creation ; valuation ; value
942 _2ddc
_cBK
999 _c170635
_d170635